Effective IT project management : Uusing teams to get projects completed on time and under budget
Shranjeno v:
| Glavni avtor: | |
|---|---|
| Format: | Knjiga |
| Jezik: | Undetermined |
| Izdano: |
New York, NY
AMACOM
2004
|
| Teme: | |
| Oznake: |
Označite
Brez oznak, prvi označite!
|
| Thư viện lưu trữ: | Trung tâm Học liệu Trường Đại học Cần Thơ |
|---|
| LEADER | 00619nam a2200217Ia 4500 | ||
|---|---|---|---|
| 001 | CTU_105003 | ||
| 008 | 210402s9999 xx 000 0 und d | ||
| 020 | |c 47.45 | ||
| 082 | |a 004.0684 | ||
| 082 | |b R831 | ||
| 100 | |a Rosen, Anita | ||
| 245 | 0 | |a Effective IT project management : | |
| 245 | 0 | |b Uusing teams to get projects completed on time and under budget | |
| 245 | 0 | |c Anita Rosen | |
| 260 | |a New York, NY | ||
| 260 | |b AMACOM | ||
| 260 | |c 2004 | ||
| 650 | |a Project management,Information technology | ||
| 650 | |x Management | ||
| 904 | |i Minh | ||
| 980 | |a Trung tâm Học liệu Trường Đại học Cần Thơ | ||